00696 2200253 4500001002100000005001700021008004100038020002200079035002400101040001200125041000800137082001400145090001800159245004500177250000900222260002300231300003900254504003000293600005800323650001300381990001600394990001600410990001600426YOGYA-0113000000089720130114112823.0 ind  a978-979-044-201-6 0010-011300000000897 aYOPDYOG aInd aQ 612.015 aQ 612.015 Bio aBIOKIMIA KLINIS:teks bergambarcAlan Gaw aEd.4 aJakartabEGCc2012 aVIII, 182 hlmbilusc27 cm (3 eks) aBibliografi: hlm. 172-173 aAlbertus Agung mahode ; manurung, july ; Novita salim aBiokimia a283-PD/B.12 a284-PD/B.12 a285-PD/B.12